000 00648nam a2200205Ii 4500
003 JO-AjNU
008 230606s9999||||xx |||||||||||||| ||und||
020 _a978-0-07-179238-7
040 _aJO-AjNU
_beng
_erda
_cJO-AjNU
041 _aeng
050 1 4 _aTA654.6.D39 2010
100 3 _aDay , Robert w,
_eauthor
_95137
245 0 0 _aGeotechnical Earthquake Engineering Hand Book with the 2012 international building code
264 3 1 _aNew York :Mcgraw hill ,2010
300 _a1393P
336 _atext
_btxt
_2rdacontent
337 _aunmediated
_bn
_2rdamedia
338 _avolume
_bnc
_2rdacarrier
650 4 _aGeotechnical Earthquake
_95138
999 _aE2656
_c2654
_d2654